| 000 | 03593cam a22012734i 4500 | ||
|---|---|---|---|
| 003 | PE-LiUPU | ||
| 005 | 20250813185613.0 | ||
| 008 | 150706s r 000 0 d | ||
| 020 | _a9789972511240 | ||
| 035 | _a(Sirsi) i9789972511240 | ||
| 040 |
_aPE-LiUPU _bspa _cPE-LiUPU _erda |
||
| 049 | _aPRUA | ||
| 082 | 0 | 4 |
_a309.185 _bC81 _221 |
| 100 | 1 |
_aCotler, Julio, _d1932- , _eautor. |
|
| 245 | 1 | 0 |
_aClases, Estado y nación en el Perú / _cJulio Cotler. |
| 250 | _a3a ed., reimp. 2009 | ||
| 264 | 1 |
_aLima : _bInstituto de estudios peruanos, _c2005. |
|
| 300 |
_a359 páginas ; _c23 cm. |
||
| 336 |
_atext _2rdacontent |
||
| 337 |
_aunmediated _2rdamedia |
||
| 338 |
_avolume _2rdacarrier |
||
| 490 | 0 |
_aPerú problema ; _v17 |
|
| 504 | _aIncluye bibliografía. | ||
| 505 | 0 | _aLa herencia colonial -- Desintegración político-económica y reorganización colonial -- La formación capitalista dependiente: la república aristocrática y el enclave imperialista -- Leguía: consolidación de la dominación imperialista y emergencia de las fuerzas populares antioligárquicas -- La crisis de 1930 y el desarrollo orgánico de la lucha de clases -- Nuevo carácter de la penetración imperialista y cambios en la estructura social y política -- Crisis del régimen de dominación oligárquica. | |
| 526 | _aP202 | ||
| 526 | _aP201 | ||
| 526 | _aP163 | ||
| 526 | _aP162 | ||
| 526 | _aP161 | ||
| 526 | _aP160 | ||
| 526 | _aP148 | ||
| 526 | _aP147 | ||
| 526 | _aP146 | ||
| 526 | _aP145 | ||
| 526 | _aP144 | ||
| 526 | _aP143 | ||
| 526 | _aP142 | ||
| 526 | _aP141 | ||
| 526 | _aP140 | ||
| 526 | _aP139 | ||
| 526 | _aP138 | ||
| 526 | _aP137 | ||
| 526 | _aP136 | ||
| 526 | _aP135 | ||
| 526 | _aP134 | ||
| 526 | _aP133 | ||
| 526 | _aP129 | ||
| 526 | _aP128 | ||
| 526 | _aP127 | ||
| 526 | _aP120 | ||
| 526 | _aP119 | ||
| 526 | _aP118 | ||
| 526 | _aP116 | ||
| 526 | _aP115 | ||
| 526 | _aP114 | ||
| 526 | _aP110 | ||
| 526 | _aP109 | ||
| 526 | _aP108 | ||
| 526 | _aP104 | ||
| 526 | _aP103 | ||
| 526 | _aP102 | ||
| 526 | _aP99 | ||
| 526 | _aP98 | ||
| 526 | _aP97 | ||
| 526 | _aP96 | ||
| 526 | _aP95 | ||
| 526 | _aP93 | ||
| 526 | _aP90 | ||
| 526 | _aP89 | ||
| 526 | _aP88 | ||
| 526 | _aP83 | ||
| 526 | _aP82 | ||
| 526 | _aP62 | ||
| 526 | _aP59 | ||
| 526 | _aP58 | ||
| 526 | _aP57 | ||
| 526 | _aP51 | ||
| 526 | _aP49 | ||
| 526 | _aP48 | ||
| 526 | _aP47 | ||
| 526 | _aP29 | ||
| 526 | _aP24 | ||
| 526 | _aP20 | ||
| 526 | _aP19 | ||
| 526 | _aP17 | ||
| 526 | _aP15 | ||
| 526 | _aP14 | ||
| 526 | _aP12 | ||
| 526 | _aP10 | ||
| 526 | _aP09 | ||
| 526 | _aP08 | ||
| 526 | _aP07 | ||
| 526 | _aP06 | ||
| 526 | _aP05 | ||
| 526 | _aP04 | ||
| 526 | _aP01 | ||
| 541 | _g003-003974; | ||
| 650 | 0 | 4 |
_aClases sociales _zPerú _xHistoria. |
| 650 | 0 | 4 |
_aPerú _xCondiciones sociales _ySiglo XX. |
| 650 | 0 | 4 |
_aPerú _xHistoria _ySiglo XX. |
| 700 | 1 |
_aMatos Mar, José, _d1921-. |
|
| 710 | 2 | _aInstituto de Educación y Salud (Lima) | |
| 910 |
_agl _bjv _clch _d20121004 |
||
| 942 |
_2ddc _cBOOK |
||
| 949 |
_a309.185 C81 _wDEWEY _c1 _i65343 _lCCODEBUL1 _mBUL _p12.00 _r0 _sY _tBOOK _u2015-7-6 _xINGENIERIA _PP06 _o.STAFF. Colección General |
||
| 994 |
_aC0 _bPEPRU |
||
| 596 | _a1 | ||
| 999 |
_a309.185 C81 _wDEWEY _c53912 _i65343 _d53912 _e2015-11-29 _f2021-11-4 _g7 _lCCODEBUL1 _mBUL _n1 _p12.00 _q2 _r0 _sY _tBOOK _u2015-7-6 _xBIBLIOTECA _PP06 _0COMPRA _o.STAFF. Colección General |
||
| 980 |
_81 _gALBERTO SANCHEZ Responsable de Automatización |
||